[Event "SLO-chT2W"]
[Site "Bled"]
[Date "2003.11.09"]
[Round "2"]
[White "Luzar, Emil"]
[Black "Kecic, Stevan"]
[Result "1-0"]
[WhiteElo "2202"]
[BlackElo "2217"]
[PlyCount "71"]
[EventDate "2003.11.07"]
[EventType "team"]
[EventRounds "8"]
[EventCountry "SLO"]
[SourceTitle "EXT 2005"]
[Source "ChessBase"]
[SourceDate "2004.11.15"]
[SourceVersion "1"]
[SourceVersionDate "2004.11.15"]
[SourceQuality "1"]

1. e4 c5 2. Nc3 g6 3. f4 b5 4. Nf3 Bb7 5. d3 e6 6. g3 f5 7. e5 d6 8. exd6 Nc6 9. Bg2 Nd4 10. 0-0 Qxd6 11. a4 b4 12. Nb1 0-0-0 13. Nbd2 Be7 14. Nc4 Qc7 15. c3 Nxf3+ 16. Bxf3 Bd5 17. Ne5 Bf6 18. cxb4 Bxe5 19. fxe5 cxb4 20. Bg5 Qb7 21. Rf2 Ne7 22. Rc1+ Kb8 23. Bxd5 Rxd5 24. Qb3 a5 25. Bxe7 Qxe7 26. Rfc2 Qa7+ 27. Kg2 Qd4 28. Rc7 Qxd3 29. Qxd3 Rxd3 30. Rg7 Rd5 31. Rc6 Rxe5 32. Rb6+ Kc8 33. Ra6 Kb8 34. Re7 Re2+ 35. Kf3 Rxh2 36. Rxa5 1-0

[Event "Rijeka op"]
[Site "Rijeka"]
[Date "2001.12.05"]
[Round "5"]
[White "Doric, Nenad"]
[Black "Kecic, Stevan"]
[Result "1-0"]
[WhiteElo "2372"]
[BlackElo "2241"]
[PlyCount "61"]
[EventDate "2001.12.01"]
[EventType "swiss"]
[EventRounds "9"]
[EventCountry "CRO"]
[SourceTitle "CBM 085 Extra"]
[Source "ChessBase"]
[SourceDate "2002.01.21"]
[SourceVersion "1"]
[SourceVersionDate "2002.01.21"]
[SourceQuality "1"]

1. d4 g6 2. e4 Bg7 3. Nc3 c6 4. g3 d5 5. exd5 cxd5 6. Bg2 Nf6 7. Bg5 Be6 8. Nge2 Nbd7 9. h3 Qb6 10. Qd2 h6 11. Be3 Rc8 12. 0-0 Qxb2 13. Rab1 Qa3 14. Rb3 Qa6 15. Nf4 Qc6 16. Re1 g5 17. Nxe6 fxe6 18. Bf1 Kf7 19. Bb5 Qc7 20. Qe2 a6 21. Bf4 gxf4 22. Qxe6+ Kf8 23. Qxe7+ Kg8 24. Qe6+ Kf8 25. Nxd5 Nxd5 26. Bxd7 Rd8 27. Rxb7 Qxb7 28. Qd6+ Kf7 29. Be6+ Kg6 30. Bf5+ Kxf5 31. Qe6+ 1-0

[Event "SLO-chT West"]
[Site "Bled"]
[Date "2001.11.23"]
[Round "5"]
[White "Kecic, Stevan"]
[Black "Praznik, Niko"]
[Result "0-1"]
[WhiteElo "2241"]
[BlackElo "2263"]
[PlyCount "136"]
[EventDate "2001.11.18"]
[EventType "team"]
[EventRounds "7"]
[EventCountry "SLO"]
[SourceTitle "EXT 2003"]
[Source "ChessBase"]
[SourceDate "2002.11.25"]
[SourceVersion "1"]
[SourceVersionDate "2002.11.25"]
[SourceQuality "1"]

1. e4 e6 2. d4 d5 3. e5 c5 4. b4 cxd4 5. a3 f6 6. Qxd4 Bd7 7. Nf3 Nc6 8. Qb2 fxe5 9. Nxe5 Nf6 10. Bf4 Be7 11. Nxc6 bxc6 12. Nd2 0-0 13. Nf3 Ng4 14. Bg3 Bf6 15. c3 e5 16. Be2 Qe7 17. h3 Nh6 18. 0-0 Nf5 19. Bh2 Rae8 20. Rae1 Qf7 21. Kh1 Qg6 22. Bd1 e4 23. Nd4 Nh4 24. f3 e3 25. Rg1 Nf5 26. Nxf5 Bxf5 27. Qc1 Bd8 28. Bf4 Qh5 29. Rxe3 Rxe3 30. Qxe3 Bb6 31. Qd2 Bxg1 32. Kxg1 Qf7 33. Be3 Ra8 34. a4 h6 35. a5 a6 36. Be2 Qe6 37. Kf2 Qg6 38. Qd1 Qf6 39. Bd4 Qh4+ 40. Kf1 Qf4 41. Kf2 Qh4+ 42. Kf1 Qg5 43. Kf2 h5 44. Be3 Qf6 45. Bd4 Qh4+ 46. Kg1 Qf4 47. Qf1 Re8 48. Qd1 h4 49. Bf2 Qe5 50. Bxa6 Qxc3 51. Bb7 Bc8 52. Bxc8 Rxc8 53. Qd4 Qxd4 54. Bxd4 Ra8 55. Kf2 Kf7 56. Ke3 g5 57. Bc5 Ke6 58. Kd4 Kf5 59. Bb6 Ke6 60. Kc5 Kd7 61. Kd4 Ke6 62. Bc7 Ra7 63. Bh2 Rb7 64. Kc5 Kd7 65. Bg1 Rb5+ 66. Kd4 Rxb4+ 67. Ke5 Rb2 68. a6 Kc7 0-1

[Event "Ljubljana op 11th"]
[Site "Ljubljana"]
[Date "2000.06.19"]
[Round "3"]
[White "Groselj, Petra"]
[Black "Kecic, Stevan"]
[Result "0-1"]
[WhiteElo "2102"]
[BlackElo "2234"]
[PlyCount "92"]
[EventDate "2000.06.17"]
[EventType "swiss"]
[EventRounds "9"]
[EventCountry "SLO"]
[SourceTitle "CBM 076 Extra"]
[Source "ChessBase"]
[SourceDate "2000.07.11"]
[SourceVersion "1"]
[SourceVersionDate "2000.07.11"]
[SourceQuality "1"]

1. e4 e6 2. d4 d5 3. Nc3 Bb4 4. e5 b6 5. Qg4 Bf8 6. Bd3 c6 7. Nge2 Ba6 8. Bg5 Qd7 9. Bxa6 Nxa6 10. 0-0 Ne7 11. Ng3 h6 12. Bxe7 Qxe7 13. f4 g6 14. Qe2 Nc7 15. Rfd1 h5 16. Na4 Qd7 17. b3 b5 18. Nb2 h4 19. Nf1 c5 20. dxc5 Bxc5+ 21. Kh1 h3 22. Ne3 hxg2+ 23. Kxg2 Bxe3 24. Qxe3 Qc6 25. Kg1 Qxc2 26. Rd2 Qc6 27. Nd3 Qb6 28. Qxb6 axb6 29. Rc1 Kd7 30. Rdc2 Rhc8 31. Rc6 Na6 32. Rxb6 Rxc1+ 33. Nxc1 b4 34. Rb7+ Kc6 35. Rxf7 Nc5 36. Rf6 d4 37. Rxg6 Kd5 38. Rg2 d3 39. Rd2 Ke4 40. Kf2 Rh8 41. Kg1 Ke3 42. Rf2 Ne4 43. Nxd3 Kxd3 44. Rg2 Ke3 45. Rg6 Kf3 46. Kh1 Rc8 0-1

[Event "SLO-chT1 West"]
[Site "Bled"]
[Date "2000.??.??"]
[Round "?"]
[White "Kecic, Stevan"]
[Black "Vavpetic, Vide"]
[Result "1/2-1/2"]
[WhiteElo "2234"]
[BlackElo "2246"]
[PlyCount "21"]
[EventDate "2000.??.??"]
[EventType "team"]
[EventRounds "7"]
[EventCountry "SLO"]
[SourceTitle "EXT 2002"]
[Source "ChessBase"]
[SourceDate "2001.11.25"]
[SourceVersion "1"]
[SourceVersionDate "2001.11.25"]
[SourceQuality "1"]

1. e4 g6 2. d4 Bg7 3. b3 d6 4. Bb2 Nf6 5. f3 0-0 6. Ne2 c5 7. d5 e6 8. c4 b5 9. Qc2 exd5 10. cxd5 Re8 11. Nd2 1/2-1/2

[Event "Bled op 20th"]
[Site "Bled"]
[Date "1999.03.23"]
[Round "4"]
[White "Kecic, Stevan"]
[Black "Semrl, Marjan"]
[Result "1-0"]
[WhiteElo "2240"]
[BlackElo "2206"]
[PlyCount "65"]
[EventDate "1999.03.20"]
[EventType "swiss"]
[EventRounds "9"]
[EventCountry "SLO"]
[SourceTitle "CBM 069 Extra"]
[Source "ChessBase"]
[SourceDate "1999.05.10"]
[SourceVersion "1"]
[SourceVersionDate "1999.05.10"]
[SourceQuality "1"]

1. e4 e5 2. Nf3 f5 3. d4 fxe4 4. Nxe5 Nf6 5. Bc4 d5 6. Bb3 Be6 7. c4 dxc4 8. Bxc4 Bxc4 9. Nxc4 Nc6 10. Be3 Qd5 11. Ncd2 Qb5 12. Qb3 Nb4 13. Nc3 Qd3 14. 0-0-0 Qa6 15. a3 Nc6 16. Qe6+ Be7 17. Ndxe4 Nxe4 18. Nxe4 Nb8 19. Nc5 Qxe6 20. Nxe6 Kf7 21. d5 Na6 22. Rhe1 Rac8 23. Kb1 Rhe8 24. Bd4 Bd6 25. Nxg7 Rg8 26. Nf5 Rxg2 27. Re6 Rg6 28. Nh6+ Kf8 29. f4 Nc5 30. Rxg6 hxg6 31. Rg1 Re8 32. Rxg6 Re4 33. Bf6 1-0

[Event "SLO-chT"]
[Site "Kranj"]
[Date "1999.??.??"]
[Round "?"]
[White "Belamaric, Goran"]
[Black "Kecic, Stevan"]
[Result "1/2-1/2"]
[WhiteElo "2170"]
[BlackElo "2240"]
[PlyCount "100"]
[EventDate "1999.??.??"]
[EventType "team"]
[EventRounds "7"]
[EventCountry "SLO"]
[SourceTitle "EXT 2002"]
[Source "ChessBase"]
[SourceDate "2001.11.25"]
[SourceVersion "1"]
[SourceVersionDate "2001.11.25"]
[SourceQuality "1"]

1. e4 e6 2. d4 d5 3. e5 b6 4. Nf3 Qd7 5. Bd3 Ba6 6. 0-0 Ne7 7. c3 Bxd3 8. Qxd3 Qa4 9. b3 Qa6 10. c4 Nbc6 11. Nc3 h6 12. Be3 0-0-0 13. Rfd1 Na5 14. Nb5 Kb8 15. Rac1 Rd7 16. Bd2 Nb7 17. a4 dxc4 18. Qxc4 Nd8 19. Rc2 Nd5 20. Rdc1 c6 21. Nd6 Nc7 22. Bf4 g5 23. Bg3 f5 24. h4 f4 25. Bh2 Qxc4 26. bxc4 Rg8 27. hxg5 hxg5 28. Ne4 Be7 29. g4 c5 30. dxc5 bxc5 31. Rb2+ Kc8 32. Rcb1 Na6 33. Rb5 Nc6 34. Kg2 Rd4 35. Nxd4 Nxd4 36. Rb7 Nc6 37. f3 Nab4 38. Rxe7 Nxe7 39. Nxc5 Nbc6 40. Nxe6 Nxe5 41. Nxg5 N7g6 42. Kf1 Rd8 43. Re1 Rd4 44. Ne6 Rd3 45. Nxf4 Rxf3+ 46. Kg1 Rxf4 47. Bxf4 Nf3+ 48. Kf1 Nxe1 49. Be3 Nf3 50. Bxa7 Nh2+ 1/2-1/2

[Event "SLO-chT 08th"]
[Site "Bled"]
[Date "1998.11.11"]
[Round "5"]
[White "Kecic, Stevan"]
[Black "Kovac, Boris"]
[Result "1-0"]
[WhiteElo "2235"]
[BlackElo "2270"]
[PlyCount "49"]
[EventDate "1998.11.07"]
[EventType "team-tourn"]
[EventRounds "7"]
[EventCountry "SLO"]
[SourceTitle "EXT 2000"]
[Source "ChessBase"]
[SourceDate "1999.11.16"]
[SourceVersion "1"]
[SourceVersionDate "1999.11.16"]
[SourceQuality "1"]
[WhiteTeam "Lesce Murka"]
[BlackTeam "Radenska Pomgrad"]
[WhiteTeamCountry "SLO"]
[BlackTeamCountry "SLO"]

1. e4 c5 2. Nf3 d6 3. d4 cxd4 4. Nxd4 Nf6 5. Nc3 e6 6. g4 h6 7. Bg2 a6 8. a4 Qc7 9. Qe2 Nc6 10. Nb3 e5 11. h3 Be6 12. Nd5 Bxd5 13. exd5 Na5 14. Nxa5 Qxa5+ 15. Bd2 Qc7 16. c4 Rc8 17. 0-0 Be7 18. Rfc1 a5 19. c5 dxc5 20. Qb5+ Nd7 21. Bxa5 b6 22. Bc3 0-0 23. a5 bxa5 24. d6 Rb8 25. dxc7 1-0

[Event "Ljubljana op 9th"]
[Site "Ljubljana"]
[Date "1998.??.??"]
[Round "8"]
[White "Gombac, Jan"]
[Black "Kecic, Stevan"]
[Result "1-0"]
[WhiteElo "2030"]
[BlackElo "2235"]
[PlyCount "131"]
[EventDate "1998.06.??"]
[EventType "swiss"]
[EventRounds "9"]
[EventCountry "SLO"]
[SourceTitle "EXT 1999"]
[Source "ChessBase"]
[SourceDate "1998.11.16"]
[SourceVersion "1"]
[SourceVersionDate "1998.11.16"]
[SourceQuality "1"]

1. d4 g6 2. c4 Bg7 3. Nc3 Nc6 4. Nf3 d6 5. d5 Na5 6. e4 c5 7. h3 Nh6 8. Be3 f6 9. Bd3 Nf7 10. Qd2 a6 11. Rb1 b6 12. a3 e5 13. b4 Nb7 14. g4 h5 15. g5 f5 16. exf5 gxf5 17. g6 Nh6 18. Bg5 Qc7 19. Nh4 f4 20. Ne4 Nf5 21. Nxf5 Bxf5 22. Nf6+ Bxf6 23. Bxf6 Bxd3 24. Qxd3 Rf8 25. Qf5 Qd7 26. Qxh5 Rxf6 27. Qh8+ Rf8 28. g7 Ke7 29. gxf8Q+ Rxf8 30. Qg7+ Rf7 31. Qg5+ Rf6 32. Qg4 Qa4 33. Qc8 Qxa3 34. Qxb7+ Kf8 35. Qc8+ Ke7 36. Rg1 Qc3+ 37. Kf1 Rg6 38. Rxg6 Qd3+ 39. Kg2 Qxg6+ 40. Kh2 Qxb1 41. Qe6+ Kf8 42. Qxd6+ Kg8 43. Qe6+ Kh7 44. Qe7+ Kh6 45. bxc5 bxc5 46. Qxe5 Qc1 47. Qf6+ Kh7 48. Qe7+ Kg6 49. Qxc5 f3 50. Qd6+ Kf5 51. Qe6+ Kg5 52. Qg4+ Kh6 53. Qxf3 Qxc4 54. d6 a5 55. Qf6+ Kh7 56. Qf5+ Kh6 57. d7 Qc7+ 58. Kg2 Qd8 59. f4 Qa8+ 60. Kg3 Qh1 61. Qf6+ Kh7 62. d8Q Qg1+ 63. Kf3 Qf1+ 64. Ke4 Qe2+ 65. Kd5 Qb5+ 66. Ke6 1-0

[Event "Bled op 18th"]
[Site "Bled"]
[Date "1997.??.??"]
[Round "6"]
[White "Kecic, Stevan"]
[Black "Golubovic, Boris"]
[Result "1/2-1/2"]
[WhiteElo "2245"]
[BlackElo "2450"]
[PlyCount "88"]
[EventDate "1997.03.15"]
[EventType "swiss"]
[EventRounds "9"]
[EventCountry "SLO"]
[SourceTitle "CBM 057 Extra"]
[Source "ChessBase"]
[SourceDate "1997.05.01"]
[SourceVersion "1"]
[SourceVersionDate "1997.05.01"]
[SourceQuality "1"]

1. e4 c5 2. Nf3 d6 3. d4 cxd4 4. Nxd4 Nf6 5. Nc3 e6 6. Bc4 Be7 7. Bb3 0-0 8. 0-0 Na6 9. Nde2 Nc5 10. Ng3 Bd7 11. f4 Bc6 12. f5 b5 13. fxe6 fxe6 14. Be3 Nxb3 15. axb3 b4 16. Na4 Qd7 17. e5 dxe5 18. Qxd7 Nxd7 19. Rxf8+ Bxf8 20. Nf1 Bd5 21. Nd2 Rc8 22. c4 bxc3 23. bxc3 a6 24. c4 Bb7 25. Nb6 Nxb6 26. Bxb6 Bb4 27. Nf3 e4 28. Ne1 e5 29. Nc2 Bc3 30. Rd1 Bc6 31. Ne3 Kf7 32. Rd8 Rxd8 33. Bxd8 Ke8 34. Bh4 Kd7 35. Kf1 Kd6 36. Ke2 g6 37. Kd1 a5 38. Be1 Bd4 39. Ke2 a4 40. bxa4 Bxa4 41. Bb4+ Ke6 42. Ba5 Bb3 43. Bb4 Ba2 44. Bf8 Bc3 1/2-1/2

[Event "Bled op 18th"]
[Site "Bled"]
[Date "1997.??.??"]
[Round "9"]
[White "Soln, Primoz"]
[Black "Kecic, Stevan"]
[Result "1-0"]
[WhiteElo "2320"]
[BlackElo "2245"]
[PlyCount "69"]
[EventDate "1997.03.15"]
[EventType "swiss"]
[EventRounds "9"]
[EventCountry "SLO"]
[SourceTitle "CBM 057 Extra"]
[Source "ChessBase"]
[SourceDate "1997.05.01"]
[SourceVersion "1"]
[SourceVersionDate "1997.05.01"]
[SourceQuality "1"]

1. d4 Nf6 2. c4 g6 3. Nc3 Bg7 4. e4 d6 5. Bd3 0-0 6. Nge2 e5 7. d5 c6 8. 0-0 cxd5 9. exd5 Nbd7 10. Bg5 h6 11. Bd2 a5 12. Ng3 Nc5 13. Bc2 h5 14. Bg5 Qd7 15. Qd2 Nh7 16. Be3 h4 17. Nge2 h3 18. g3 b6 19. b3 f5 20. f3 Nf6 21. Rae1 Nh5 22. a3 Qe6 23. Kh1 Kf7 24. b4 axb4 25. axb4 Nd7 26. Bb3 Rb8 27. Nb5 e4 28. Ned4 Bxd4 29. Bxd4 Ne5 30. fxe4 Kg7 31. Nxd6 Qxd6 32. exf5 Re8 33. Rxe5 Rxe5 34. Qc3 Nf6 35. Bxe5 1-0

[Event "SLO-chT sf"]
[Site "Slovenia"]
[Date "1996.??.??"]
[Round "5"]
[White "Belamaric, Goran"]
[Black "Kecic, Stevan"]
[Result "1/2-1/2"]
[WhiteElo "2170"]
[BlackElo "2245"]
[PlyCount "94"]
[EventDate "1996.??.??"]
[EventType "team"]
[EventRounds "7"]
[EventCountry "SLO"]
[SourceTitle "EXT 1997"]
[Source "ChessBase"]
[SourceDate "1996.11.15"]
[SourceVersion "1"]
[SourceVersionDate "1996.11.15"]
[SourceQuality "1"]

1. e4 e6 2. d4 d5 3. e5 c5 4. Bd3 Ne7 5. Nf3 Nec6 6. Bf4 b6 7. 0-0 Ba6 8. c3 Bxd3 9. Qxd3 cxd4 10. cxd4 Be7 11. a3 a6 12. b4 b5 13. Nbd2 0-0 14. Rfc1 a5 15. bxa5 Rxa5 16. Nb3 Ra7 17. Qxb5 Rxa3 18. Rxa3 Bxa3 19. Ra1 Be7 20. Nc5 Qc7 21. Rc1 Qa5 22. Qb7 Qa7 23. Qxa7 Nxa7 24. Rb1 Nbc6 25. Nd7 Rc8 26. Rb7 h6 27. Bd2 Bd8 28. Kf1 Rc7 29. Rxc7 Bxc7 30. Ke2 Nb5 31. Kd3 Bd8 32. Be3 h5 33. h3 f6 34. Bd2 Kf7 35. g3 Be7 36. Be3 Ke8 37. exf6 gxf6 38. Nb6 Bd8 39. Na4 e5 40. dxe5 fxe5 41. Nd2 e4+ 42. Ke2 Ne5 43. f3 Ba5 44. fxe4 Bxd2 45. Bxd2 dxe4 46. Nc3 Nxc3+ 47. Bxc3 Nc4 1/2-1/2

[Event "Ljubljana op 7th"]
[Site "Ljubljana"]
[Date "1996.??.??"]
[Round "4"]
[White "Kecic, Stevan"]
[Black "Hrvacic, Pavle"]
[Result "0-1"]
[WhiteElo "2245"]
[BlackElo "2190"]
[PlyCount "62"]
[EventDate "1996.06.??"]
[EventType "swiss"]
[EventRounds "9"]
[EventCountry "SLO"]
[SourceTitle "CBM 053 Extra"]
[Source "ChessBase"]
[SourceDate "1996.09.01"]
[SourceVersion "1"]
[SourceVersionDate "1996.09.01"]
[SourceQuality "1"]

1. e4 e5 2. Nf3 Nc6 3. Bb5 f5 4. d4 fxe4 5. Nxe5 Nxe5 6. dxe5 c6 7. Bc4 Qa5+ 8. Nd2 Qxe5 9. Bxg8 Rxg8 10. 0-0 d5 11. c4 Be7 12. cxd5 cxd5 13. Re1 Rf8 14. Nf1 Kf7 15. Be3 Kg8 16. Bd4 Qg5 17. Qb3 Kh8 18. Ne3 Be6 19. Qxb7 Bd6 20. Qc6 Rad8 21. Nf1 h5 22. Rac1 Bh3 23. Ng3 h4 24. gxh3 hxg3 25. fxg3 Bxg3 26. hxg3 Qxg3+ 27. Kh1 Qxh3+ 28. Kg1 Qg3+ 29. Kh1 Qh3+ 30. Kg1 Rf4 31. Bxg7+ Kg8 0-1

[Event "Ljubljana op 7th"]
[Site "Ljubljana"]
[Date "1996.??.??"]
[Round "7"]
[White "Kecic, Stevan"]
[Black "Kavcic, Uros"]
[Result "1-0"]
[WhiteElo "2245"]
[BlackElo "2010"]
[PlyCount "61"]
[EventDate "1996.06.??"]
[EventType "swiss"]
[EventRounds "9"]
[EventCountry "SLO"]
[SourceTitle "CBM 053 Extra"]
[Source "ChessBase"]
[SourceDate "1996.09.01"]
[SourceVersion "1"]
[SourceVersionDate "1996.09.01"]
[SourceQuality "1"]

1. e4 c5 2. Nf3 Nc6 3. d4 cxd4 4. Nxd4 e5 5. Nb5 d6 6. N5c3 Be6 7. Nd5 Nf6 8. Nbc3 a6 9. Bg5 h6 10. Bxf6 gxf6 11. Ne3 Bg7 12. Ncd5 0-0 13. Be2 Nd4 14. c3 Nxe2 15. Qxe2 b5 16. 0-0 Kh7 17. Rfd1 Rg8 18. Qf3 Bh8 19. Nf5 Bxf5 20. Qxf5+ Rg6 21. a4 bxa4 22. Rxa4 Kg8 23. Rda1 Rg5 24. Qf3 Kf8 25. h4 Rg8 26. Rxa6 Rb8 27. b4 f5 28. exf5 Qxh4 29. Ra8 Kg7 30. f6+ Kh7 31. Qf5+ 1-0

[Event "Ljubljana op 7th"]
[Site "Ljubljana"]
[Date "1996.??.??"]
[Round "6"]
[White "Kecic, Stevan"]
[Black "Piber, Vinko"]
[Result "1-0"]
[WhiteElo "2245"]
[BlackElo "2025"]
[PlyCount "89"]
[EventDate "1996.06.??"]
[EventType "swiss"]
[EventRounds "9"]
[EventCountry "SLO"]
[SourceTitle "CBM 053 Extra"]
[Source "ChessBase"]
[SourceDate "1996.09.01"]
[SourceVersion "1"]
[SourceVersionDate "1996.09.01"]
[SourceQuality "1"]

1. e4 e6 2. d4 d5 3. Nc3 Nf6 4. Bd3 Nc6 5. Nf3 Be7 6. 0-0 0-0 7. e5 Nd7 8. Re1 Nb4 9. Bf1 c5 10. Ne2 cxd4 11. Nexd4 a5 12. c3 Nc6 13. Bd3 Nc5 14. Bc2 f5 15. exf6 Bxf6 16. Be3 Ne7 17. Bf4 Ng6 18. Bg3 Ra6 19. Ne5 Nxe5 20. Bxe5 Bxe5 21. Rxe5 Qf6 22. Qe2 g6 23. Re1 Ne4 24. Nf3 Nd6 25. Bd3 Rb6 26. Re3 Nf7 27. Ne5 Nxe5 28. Rxe5 Bd7 29. f3 a4 30. Qf2 Qd8 31. h4 Rf6 32. h5 Kg7 33. R1e2 Be8 34. Qd4 gxh5 35. Rxe6 Rbxe6 36. Rxe6 Bf7 37. Rxf6 Qxf6 38. Qxa4 Bg6 39. Bf1 Qb6+ 40. Qd4+ Qxd4+ 41. cxd4 Kf6 42. Kf2 Bb1 43. a4 Bc2 44. a5 Bb3 45. Bb5 1-0

[Event "SLO-chT sf"]
[Site "Slovenia"]
[Date "1996.??.??"]
[Round "4"]
[White "Kecic, Stevan"]
[Black "Rakovec, Anton"]
[Result "1/2-1/2"]
[WhiteElo "2245"]
[BlackElo "2145"]
[PlyCount "117"]
[EventDate "1996.??.??"]
[EventType "team"]
[EventRounds "7"]
[EventCountry "SLO"]
[SourceTitle "EXT 1997"]
[Source "ChessBase"]
[SourceDate "1996.11.15"]
[SourceVersion "1"]
[SourceVersionDate "1996.11.15"]
[SourceQuality "1"]

1. e4 c5 2. Nf3 e6 3. d4 cxd4 4. Nxd4 Nf6 5. Nc3 d6 6. Bc4 Be7 7. 0-0 0-0 8. Bb3 Nc6 9. Kh1 a6 10. f4 Nxd4 11. Qxd4 b5 12. f5 Rb8 13. Bg5 b4 14. Ne2 exf5 15. exf5 Rb5 16. Ng3 h6 17. Bf4 d5 18. Be5 Bc5 19. Qf4 Bb7 20. Ba4 Rb6 21. Bc7 Qe7 22. Rae1 Ne4 23. Bxb6 Bxb6 24. Nxe4 dxe4 25. f6 Qxf6 26. Qxf6 gxf6 27. Rxf6 Bd4 28. Rd6 Bf2 29. Re2 e3 30. Bc6 Bc8 31. Rd4 a5 32. c4 bxc3 33. bxc3 Ba6 34. c4 Rc8 35. Bd5 Rc5 36. h3 Rxd5 37. Rxd5 Bxc4 38. Rd8+ Kg7 39. Rc2 Bb5 40. Rb8 Bd3 41. Rbb2 Bxc2 42. Rxc2 Kf6 43. g4 Ke5 44. Kg2 Ke4 45. Rc8 Bh4 46. Re8+ Kf4 47. a4 f6 48. Re7 f5 49. Re8 fxg4 50. hxg4 Bg5 51. Kf1 Kxg4 52. Ke2 h5 53. Ra8 h4 54. Rxa5 h3 55. Rd5 h2 56. Rd1 Kg3 57. a5 Bd8 58. Kxe3 Bxa5 59. Rh1 1/2-1/2

[Event "Ljubljana op 6th"]
[Site "Ljubljana"]
[Date "1995.??.??"]
[Round "2"]
[White "Kecic, Stevan"]
[Black "Kozul, Zdenko"]
[Result "0-1"]
[WhiteElo "2245"]
[BlackElo "2580"]
[PlyCount "54"]
[EventDate "1995.06.??"]
[EventType "swiss"]
[EventRounds "9"]
[EventCountry "SLO"]
[SourceTitle "EXT 1998"]
[Source "ChessBase"]
[SourceDate "1997.11.17"]
[SourceVersion "1"]
[SourceVersionDate "1997.11.17"]
[SourceQuality "1"]

1. e4 c5 2. Nf3 Nc6 3. d4 cxd4 4. Nxd4 Nf6 5. Nc3 d6 6. Bg5 Bd7 7. Qd2 Rc8 8. f4 Nxd4 9. Qxd4 Qa5 10. Bd3 e5 11. fxe5 dxe5 12. Qf2 Ng4 13. Qh4 Bc5 14. Rf1 Ne3 15. Bxe3 Bxe3 16. Ke2 Bh6 17. Rad1 0-0 18. Nd5 Kh8 19. Rf6 Rc6 20. Rxc6 bxc6 21. Nf6 Qd8 22. Bc4 gxf6 23. Rd3 Bg5 24. Qh5 Qc8 25. Rg3 Be6 26. Bxe6 Qxe6 27. Rd3 Qc4 0-1

[Event "Ljubljana op 6th"]
[Site "Ljubljana"]
[Date "1995.??.??"]
[Round "7"]
[White "Mestrovic, Zvonimir"]
[Black "Kecic, Stevan"]
[Result "1-0"]
[WhiteElo "2465"]
[BlackElo "2245"]
[PlyCount "85"]
[EventDate "1995.06.??"]
[EventType "swiss"]
[EventRounds "9"]
[EventCountry "SLO"]
[SourceTitle "EXT 1998"]
[Source "ChessBase"]
[SourceDate "1997.11.17"]
[SourceVersion "1"]
[SourceVersionDate "1997.11.17"]
[SourceQuality "1"]

1. d4 Nf6 2. Nc3 d5 3. Bg5 Bf5 4. e3 Nbd7 5. Bd3 Bxd3 6. cxd3 c6 7. f4 e6 8. Nf3 Be7 9. 0-0 h6 10. Bh4 0-0 11. Qe2 Ne4 12. Bxe7 Nxc3 13. bxc3 Qxe7 14. Rab1 b5 15. e4 a6 16. c4 dxc4 17. dxc4 Nb6 18. c5 Nc4 19. Qf2 f5 20. Rbe1 Rad8 21. exf5 Rxf5 22. Re4 Qf7 23. Rfe1 Re8 24. g3 g5 25. Qg2 Kh7 26. Qh3 Kg7 27. R1e2 Qg6 28. Qg2 Rd5 29. fxg5 hxg5 30. h4 gxh4 31. Nxh4 Qh5 32. Qh3 Rg5 33. Kh2 Kg8 34. Rf2 Qh6 35. Rff4 Re7 36. Re2 Rgg7 37. Rfe4 Nd2 38. Rf4 Ref7 39. Rxf7 Kxf7 40. Qg2 Nc4 41. Qxc6 Ne3 42. Rf2+ Nf5 43. Rxf5+ 1-0

[Event "SLO-chT"]
[Site "Slovenia"]
[Date "1994.??.??"]
[Round "?"]
[White "Kecic, Stevan"]
[Black "Supancic, Darko"]
[Result "1/2-1/2"]
[WhiteElo "2250"]
[BlackElo "2375"]
[PlyCount "115"]
[EventDate "1994.??.??"]
[EventType "team"]
[EventRounds "7"]
[EventCountry "SLO"]
[SourceTitle "EXT 1997"]
[Source "ChessBase"]
[SourceDate "1996.11.15"]
[SourceVersion "1"]
[SourceVersionDate "1996.11.15"]
[SourceQuality "1"]

1. e4 c5 2. Nf3 Nc6 3. Bb5 g6 4. 0-0 Bg7 5. Re1 e5 6. Nc3 Nge7 7. d3 0-0 8. Bg5 d6 9. Bxc6 bxc6 10. Qc1 Bg4 11. Nd2 f6 12. f3 Be6 13. Be3 f5 14. Na4 f4 15. Bf2 g5 16. Kf1 h5 17. Ke2 g4 18. c4 Ng6 19. Rh1 Bf6 20. Qf1 Rf7 21. Kd1 Kh7 22. Kc2 Rb8 23. Nc3 Qa5 24. a4 Qd8 25. Nd1 Qc8 26. Be1 Bd8 27. fxg4 hxg4 28. h3 g3 29. Qe2 Bf6 30. Nf3 Kg7 31. Nc3 Rfb7 32. Ra2 Qh8 33. Nb1 Qh5 34. Bc3 Bf7 35. Nbd2 Nf8 36. Raa1 Ne6 37. Rae1 Qh8 38. Qd1 Bh5 39. Qa1 Nd4+ 40. Bxd4 cxd4 41. Rb1 Bd8 42. a5 c5 43. b3 Bc7 44. Rb2 Qd8 45. a6 Rb6 46. Rhb1 Qc8 47. Ra2 Bd8 48. Ra3 Rc6 49. Rb2 Rcb6 50. Rba2 Bf6 51. Ra4 Be8 52. R4a3 Bd7 53. Ng1 Rb4 54. Ndf3 Qh8 55. Nd2 Qh5 56. Ndf3 Bg5 57. Rb2 Bc8 58. Rba2 1/2-1/2

[Event "SLO-chT"]
[Site "Slovenia"]
[Date "1993.??.??"]
[Round "?"]
[White "Brglez, Rado"]
[Black "Kecic, Stevan"]
[Result "1/2-1/2"]
[WhiteElo "2310"]
[BlackElo "2255"]
[PlyCount "83"]
[EventDate "1993.??.??"]
[EventType "team"]
[EventRounds "7"]
[EventCountry "SLO"]
[SourceTitle "TD"]
[Source "ChessBase"]
[SourceDate "1994.03.01"]
[SourceVersion "1"]
[SourceVersionDate "1994.03.01"]
[SourceQuality "1"]

1. d4 Nf6 2. c4 g6 3. Nc3 Bg7 4. e4 d6 5. Nf3 0-0 6. Be2 e5 7. 0-0 Nc6 8. d5 Ne7 9. Nd2 Ne8 10. b4 f5 11. c5 a5 12. bxa5 dxc5 13. Nb3 Nd6 14. f3 c6 15. Be3 c4 16. Bb6 Qe8 17. Nc5 Bh6 18. N5a4 fxe4 19. fxe4 Rxf1+ 20. Bxf1 cxd5 21. Nxd5 Nxd5 22. Qxd5+ Qe6 23. Rd1 Bf8 24. Bc7 Ra6 25. Nb6 Qxd5 26. exd5 Bg4 27. Re1 Rxa5 28. Nd7 Bxd7 29. Bxa5 e4 30. Bb4 b5 31. a4 bxa4 32. Bxd6 Bxd6 33. Bxc4 e3 34. Kf1 Bc5 35. h3 a3 36. Ke2 Kf7 37. Rb1 Bd4 38. Rb7 Ke7 39. Bb5 a2 40. Rxd7+ Kf6 41. Rd6+ Ke5 42. Ra6 1/2-1/2

[Event "SLO-chT"]
[Site "Slovenia"]
[Date "1993.??.??"]
[Round "?"]
[White "Brunsek, Iztok"]
[Black "Kecic, Stevan"]
[Result "0-1"]
[WhiteElo "2030"]
[BlackElo "2255"]
[PlyCount "88"]
[EventDate "1993.??.??"]
[EventType "team"]
[EventRounds "7"]
[EventCountry "SLO"]
[SourceTitle "TD"]
[Source "ChessBase"]
[SourceDate "1994.03.01"]
[SourceVersion "1"]
[SourceVersionDate "1994.03.01"]
[SourceQuality "1"]

1. e4 c5 2. c3 Nf6 3. e5 Nd5 4. d4 cxd4 5. Nf3 b6 6. cxd4 Ba6 7. Bxa6 Nxa6 8. 0-0 Nac7 9. Nc3 Nxc3 10. bxc3 e6 11. c4 d5 12. exd6 Bxd6 13. Qa4+ Qd7 14. Qxd7+ Kxd7 15. Be3 f6 16. a4 Rhc8 17. a5 b5 18. c5 Bf8 19. a6 Nd5 20. Rfb1 Rab8 21. h4 g6 22. g4 Bg7 23. Rb3 f5 24. gxf5 exf5 25. Rab1 Kc6 26. Kg2 Re8 27. Rd3 Bf6 28. Ng5 Re7 29. Kf3 h6 30. Nh3 Bxh4 31. Nf4 g5 32. Ng6 Re4 33. Ne5+ Kc7 34. Bd2 b4 35. Nf7 g4+ 36. Kg2 f4 37. Kg1 f3 38. Nd6 Re2 39. Be1 Nf4 40. Re3 Rxe3 41. fxe3 Bxe1 42. exf4 g3 43. Kf1 g2+ 44. Kg1 f2+ 0-1